Collins COBUILD learner's dictionary / (رقم التسجيلة. 37814)

تفاصيل مارك
000 -الفاتح
حقل البيانات ثابتة الطول 00971cam a2200289 a 4500
001 - رقم الضبط
رقم الضبط 4832926
003 - محدد رقم الضبط
رقم الضبط OSt
005 - وقت وتاريخ اخر تعامل مع التسجيلة
رقم الضبط 20150729222207.0
008 - عناصر البيانات ثابتة الطول - معلومات عامة
حقل البيانات ثابتة الطول 900424s2000 stka b 001 0 eng
010 ## - رقم ضبط مكتبة الكونجرس
رقم ضبط مكتبة الكونجرس 90006102
020 ## - الرقم الدولى المعيارى للكتب
الرقم الدولى المعيارى للكتاب 9780007126408
040 ## - مصدر الفهرسة
وكالة الفهرسة الأصلية DLC
وكالة النسخ DLC
وكالة التعديل DLC
050 00 - رقم طلب مكتبة الكونجرس
رقم التصنيف P118.2
رقم المادة .L37 1991
082 00 - رقم تصنيف ديوى العشرى
رقم التصنيف 423
رقم المادة COC
رقم الطبعة 22
245 00 - بيان العنوان
العنوان Collins COBUILD learner's dictionary /
بيان المسئوليه,etc editors: Christina Rammell ... et al.].
246 #3 - العنوان الموازى
عنوان صحيح/عنوان مختصر Learner's dictionary
250 ## - بيان الطبعة
بيان الطبعة 2nd ed., concise ed.
260 ## - PUBLICATION, DISTRIBUTION, ETC. (IMPRINT)
مكان الناشر او الموزع Glasgow :
اسم الناشر او الموزع HarperCollins,
تاريخ النشر أو التوزيع 2003.
300 ## - الوصف المادى
التعداد xxii, 1322 p. :
تفاصيل ماديه اخرى للوعاء ill. ;
أبعاد الوعاء 24 cm.
504 ## - تبصرة ببليوجرافية
تبصرة ببليوجرافية,الخ Includes bibliographical references (p. [334]-393) and index.
650 #0 - المدخل الاضافى بالموضوع-مصطلح موضوعى
مصطلح موضوعي أو اسم جغرافي كعنصر مدخل English language
9 (RLIN) 49890
التقسيم الفرعي الشكلي Dictionaries.
650 #0 - المدخل الاضافى بالموضوع-مصطلح موضوعى
مصطلح موضوعي أو اسم جغرافي كعنصر مدخل English language
التقسيم الفرعي العام Textbooks for foreign speakers.
9 (RLIN) 49894
700 1# - المدخل الاضافى - اسم شخصى
الإسم الشخصى Rammell, Christina.
9 (RLIN) 49895
710 #2 - المدخل الاضافى - اسم هيئه
اسم الهيئة أو اسم السلطة كمدخل University of Birmingham.
9 (RLIN) 49896
942 ## - عناصر المدخل الإضافي( كوها)
مصدر التصنيف او مخطط الترفيف Dewey Decimal Classification
Koha [default] item type كتاب
المقتنيات
حالة الفقد نموذج السعر الفعال حالة تلف ليس للاعارة رقم الطلب رقم النسخة تاريخ الاكتساب الموقع الحالي الباركود الفرع الرئيسي Date last seen نوع المادة فى نظام كوها مصدر التصنيف او خطة الترفيف Total Checkouts
  2015-07-29   Not For Loan 423 COC 1 2015-07-29 المكتبة المركزية بالمجمعة (CL) 00216382 المكتبة المركزية بالمجمعة (CL) 2015-07-29 كتاب Dewey Decimal Classification  
  2015-07-29   Not For Loan 423 COC 2 2015-07-29 المكتبة المركزية بالمجمعة (CL) 00216383 المكتبة المركزية بالمجمعة (CL) 2015-07-29 كتاب Dewey Decimal Classification